Výnimočnosť kresťanstva v kontexte nekresťanských náboženstiev

Bibliographic Details
Main Author: Karasová, Mária, 1982- (Author)
Format: Book
Language:Slovak
PhysicalDescription:102 s. 21 cm
Published: Ružomberok Verbum 2010
ISBN:9788080846060
Subjects:

MARC

LEADER 00000nam a2200000 a 4500
001 vtls010272215
003 SK-MaSNL
005 20260302011724.0
008 240315s2010 xo f 000 0 slo
015 |a SNBA2011/08-04353 
020 |a 9788080846060  |q (brož.) 
035 |a 80F1249A-5F49-4EDD-93D1-F1C3D973EBD5 
035 |a urn:nbn:sk:snk-amjhmc 
035 |a urn:nbn:sk:snk-am001y6c 
040 |a SNK  |b slo  |c SNK  |e AACR2 
041 0 |a slo 
044 |a xo  |c SK 
072 7 |a 2  |x Náboženstvo  |2 konspekt 
080 |a 27  |2 2001 
080 |a 22/26+28/29  |2 2001 
080 |a 22/24  |2 2001 
080 |a (048.8)  |2 2001 
080 |a 26-175  |2 2001 
080 |a 28-175  |2 2001 
080 |a 24-175  |2 2001 
080 |a 2-185.5  |2 2001 
080 |a 2-65  |2 2001 
100 1 |a Karasová, Mária,  |d 1982-  |4 aut  |9 252011 
245 1 0 |a Výnimočnosť kresťanstva v kontexte nekresťanských náboženstiev  |c Mária Házyová 
260 |a Ružomberok  |b Verbum  |c 2010 
300 |a 102 s.  |c 21 cm 
500 |a Vydalo vydavateľstvo Katolíckej unverzity v Ružomberku - Verbum 
504 |a Bibliogr. s. 97-102. Bibliogr. odkazy 
650 0 7 |a kresťanstvo  |2 SNKPH  |9 2024 
650 0 7 |a mimokresťanské náboženstvá  |2 SNKPH  |9 1815 
650 0 7 |a východné náboženstvá  |2 SNKPH  |9 1826 
650 0 7 |a Christianity  |2 SNKPHeng  |9 267816 
650 0 7 |a Non-christian religions  |2 SNKPHeng  |9 386269 
650 0 7 |a Oriental religions  |2 SNKPHeng  |9 347039 
650 0 7 |a Eschatology  |2 SNKPHeng  |9 302424 
650 0 7 |a Soteriology  |2 SNKPHeng  |9 603364 
650 0 7 |a eschatológia  |2 SNKPH  |9 1933 
650 0 7 |a soteriológia  |2 SNKPH  |9 1982 
650 0 7 |a porovnávacia religionistika  |2 SNKPH  |9 83631 
650 0 7 |a Comparative religion  |2 SNKPHeng  |9 366803 
655 7 |a monografie  |2 SNKPH  |9 70139 
655 7 |a Monographs  |2 SNKPHeng  |9 120675 
919 |a 978-80-8084-606-0 
958 |a NT 
958 |a NB 
958 |a OND 
968 |d 2 
999 |c 1007165  |d 1009095 
952 |a SNK  |b SNK  |y PREZ  |7 0  |p 17A0703304  |o snkSC 145495  |i snk2011/11690  |8 0  |0 0  |1 0  |4 0  |d 2011-05-20  |l 0  |r 2025-07-14 00:00:00  |w 2026-02-24 
952 |a SNK  |b SNK  |y VYP  |7 0  |p 17A0703305  |o snkSC 145495 D1  |i snk2011/11691  |8 0  |0 0  |1 0  |4 0  |d 2011-05-20  |f 1  |l 0  |r 2026-02-24 12:40:00  |w 2026-02-24